00978nam a22002537a 4500003000900000005001700009008003700026040002500063082001800088100003200106245005100138260003800189300002300227490002200250500007300272504003300345590002900378650002700407710010500434910001400539942001400553952014000567999001700707DO-SdBNP20250625122223.0201123b 1981 dr 00| 0 eng d aDO-SdBNPbspacBNPHU 4axxbV331s2221 aVasco Uribe, Alberto97735210aSociología médica / cAlberto Vasco Uribe. aSanto Domingo : bSESPAS, c1981. a174 p. ; c21 cm. 0 aSalud y sociedad. aIncluye referencias bibliográficas y notas al pie de las páginas aBibliografía : p. 109-114 aInventariado, 2020 /LP  4aMedicina social9196631 aRepública Dominicana. b Secretaria de Estado de Salud Pública y Asistencia Social (2001)956549 aLopérez 2ddccLBS1 00102ddc718MOaBNPHUbPDcHDd2020-11-23eDonado / Luis Beiro Álvarezl0oBNPHU PD V331sp2021-27334r2020-11-23w2020-11-23yLBS1 c49178d49178